000 00435nam a22001577a 4500
020 _a978-93-81438-88-6
082 _a823
_bAUS/E
100 _aAUSTEN, JANE
245 _aEMMA
_bIMMORTAL ILLUSTRATED CLASSICS
246 _aEMMA
_bIMMORTAL ILLUSTRATED CLASSICS
260 _aNEW DELHI
_bLITTLE SCHOLARZ PVT LTD
_c2013
300 _a240
520 _aIMMORTAL ILLUSTRATED CLASSICS
650 _aIMMORTAL ILLUSTRATED CLASSICS
942 _cBK
999 _c2902
_d2902